Países con tilde - Estadísticas

Estadísticas generales
  • Esta prueba ha sido intentada 24 veces
  • La puntuación promedio es 32 de 50
Estadísticas de respuestas
País % Correcto
América Canadá
84%
América México
84%
América Perú
84%
América República Dominicana
79%
África Sudán
79%
África Sudán del Sur
79%
Asia Afganistán
74%
Europa Bélgica
74%
Asia Bután
74%
Asia Irán
74%
Asia Kirguistán
74%
Asia Turkmenistán
74%
Asia Uzbekistán
74%
América Haití
68%
Oceanía Islas Salomón
68%
Asia Kazajistán
68%
Asia Omán
68%
América Panamá
68%
Oceanía Papúa Nueva Guinea
68%
Europa República Checa
68%
África República del Congo
68%
África República Democrática del Congo
68%
África Santo Tomé
68%
África Sudáfrica
68%
Asia Tayikistán
68%
África Camerún
63%
Asia Japón
63%
África Malí
63%
Europa Países Bajos
63%
África República Centroafricana
63%
América Santa Lucía
63%
Asia Taiwán
63%
Asia Azerbaiyán
58%
África Etiopía
58%
Asia Líbano
58%
Asia Pakistán
58%
Europa Rumanía
58%
América San Cristóbal y Nieves
58%
África Túnez
58%
Asia Turquía
58%
Asia Baréin
53%
África Benín
53%
Asia Emiratos Árabes Unidos
53%
Europa Hungría
53%
África Níger
53%
Asia Bangladés
47%
Asia Brunéi
47%
África Gabón
47%
Europa Mónaco
47%
África Guinea-Bisáu
26%
No se encontraron pruebas coincidentes
Distribución de puntuación
Porcentaje de gente con cada puntuación
Porcentaje por número respondido
Historial de tus puntuaciones
No has intentado esta prueba.